Statistics for Vincent D'Onofrio Filmography

Click here to take the quiz!

General Stats

  • This quiz has been taken 6 times
    (2 since last reset)
  • The average score is 6 of 111

Answer Stats

Type Year Name % Correct
Film2015Jurassic World
100%
Film1983The First Turn-On!
50%
Film2018Death Wish
50%
TV Show1998-2000Men in Black: The Series
50%
Film1997Men in Black
50%
Film2013Escape Plan
50%
Web Series2015-2018Daredevil
50%
Film2014Mall
50%
TV Show2019-PresentGodfather of Harlem
50%
Film1987Full Metal Jacket
50%
Film1987Adventures in Babysitting
50%
Film2012Chained
0%
Film2013Ass Backwards
0%
Radio Play2012Ram King
0%
Radio Play2012Like Father, Like Son
0%
Web Series2020Ratched
0%
Documentary2012Heroes Behind the Badge
0%
Film2012Sinister
0%
Film2012Fire with Fire
0%
Short Film2012American Falls
0%
Film2019The Kid
0%
Film2013Charlie Countryman
0%
Film2011Kill the Irishman
0%
Radio Play2010Man on the Ledge
0%
Film2010Brooklyn's Finest
0%
Production2010Don't Go in the Woods
0%
Production2010Zaritsas: Russian Women in New York
0%
TV Show2009Xavier: Renegade Angel
0%
Short Film2009The New Tenants
0%
Film2009Staten Island
0%
Production2009Ipso Facto
0%
Documentary2008Mr. Laughs: A Look Behind the Curtain
0%
Short Film2011Crackers
0%
Web Series2020Interrogation
0%
Film2013Chlorine
0%
Film2016The Magnificent Seven
0%
TV Show2017-2018Ghost Wars
0%
Documentary2017Citizen Jane: Battle for the City
0%
Web Series2017BoJack Horseman
0%
TV Show2017Emerald City
0%
Film2017El Camino Christmas
0%
Film2017CHIPS
0%
Film2017Rings
0%
Video Game2016Dishonored 2
0%
Film2016In Dubious Battle
0%
Theater2013Clive
0%
Film2016Pelé: Birth of a Legend
0%
Film2020The Eyes of Tammy Faye
0%
Video Game2015Lego Jurassic World
0%
Film2015Phantom Boy
0%
Film2015Broken Horses
0%
Film2015Run All Night
0%
Film2014The Judge
0%
Film2008The Narrows
0%
Short Film2014The Unlicensed Therapist
0%
Film2008Cadillac Records
0%
Film2005Thumbsucker
0%
Film2006The Break-Up
0%
Film1992Salt on Our Skin
0%
Film1996The Whole Wide World
0%
Film1995Hotel Paradise
0%
Film1995Strange Days
0%
Film1995Stuart Saves His Family
0%
Film1994Imaginary Crimes
0%
Short Film1994The Investigator
0%
Film1994Ed Wood
0%
Film1994Being Human
0%
Film1993Mr. Wonderful
0%
Film1993Household Saints
0%
Film1992The Player
0%
Film1996Feeling Minnesota
0%
Film1991JFK
0%
Film1991Naked Tango
0%
Film1991Fires Within
0%
Film1991Dying Young
0%
Film1991Crooked Hearts
0%
Film1989The Blood of Heroes
0%
Film1989Signs of Life
0%
Film1988Mystic Pizza
0%
TV Show1987Miami Vice
0%
TV Show1986-1987The Equalizer
0%
Theater1984Open Admissions
0%
Film1996The Winner
0%
Film1996Good Luck
0%
Short Film2005Five Minutes, Mr. Welles
0%
Film2000The Cell
0%
Film1984It Don't Pay to Be an Honest Citizen
0%
Theater2003-2004The Exonerated
0%
TV Film2002The Red Sneakers
0%
TV Film2002Sherlock: Case of Evil
0%
Film2002The Salton Sea
0%
Film2002The Dangerous Lives of Altar Boys
0%
Film2002Bark!
0%
Film2002Impostor
0%
TV Show2001-2011Law & Order: Criminal Intent
0%
Film2001Chelsea Walls
0%
Film2000Steal This Movie!
0%
Theater1996-1997Tooth of Crime (Second Dance)
0%
Film2000Happy Accidents
0%
Film1999That Championship Season
0%
Film1999The Thirteenth Floor
0%
Film1999Spanish Judges
0%
Film1999The Velocity of Gary
0%
TV Film1998The Taking of Pelham One Two Three
0%
Film1998Claire Dolan
0%
Film1998The Newton Boys
0%
TV Show1997Homicide: Life on the Street
0%
Film1997Guy
0%
Film1997Boys Life 2
0%
FilmTBAUntitled Nora Fingscheidt Project
0%

Score Distribution

Percentile by Number Answered

Percent of People with Each Score

Your Score History

You have not taken this quiz since the last reset